[Event "42nd NED-ch"]
[Site "Hilversum NED"]
[Date "1986.06.15"]
[Round "8"]
[White "Gelpke, Peter"]
[Black "Goldstern, Filip"]
[Result "1-0"]
[WhiteElo "2385"]
[BlackElo "2310"]
[EventDate "1986.06.06"]
[PlyCount "65"]

1.d4 Nf6 2.c4 e6 3.Nf3 c5 4.d5 exd5 5.cxd5 d6 6.Nc3 g6 7.Bf4 a6 8.e4 b5 9.
Qe2 Nh5 10.Bg5 Be7 11.Bh6 Bf8 12.Qe3 Bxh6 13.Qxh6 Nd7 14.Be2 Qe7 15.Nd2 
Nhf6 16.O-O Bb7 17.Rfe1 O-O-O 18.Qe3 Rhe8 19.Rac1 Kb8 20.h3 b4 21.Na4 Nxe4
22.Bd3 Qf8 23.Bxe4 f5 24.Qg3 fxe4 25.Nxc5 Nxc5 26.Rxc5 e3 27.Rxe3 Rxe3 28.
fxe3 Qf6 29.Nc4 Rd7 30.Ra5 Qd8 31.b3 Ka7 32.e4 Re7 33.Qxd6 1-0

[Event "42nd NED-ch"]
[Site "Hilversum NED"]
[Date "1986.06.15"]
[Round "8"]
[White "Kuijf, Marinus"]
[Black "Van der Wiel, John"]
[Result "1/2-1/2"]
[WhiteElo "2420"]
[BlackElo "2555"]
[EventDate "1986.06.06"]
[PlyCount "68"]

1.e4 c5 2.Nf3 Nc6 3.d4 cxd4 4.Nxd4 Nf6 5.Nc3 d6 6.Be3 e5 7.Nde2 Be6 8.f4 
d5 9.f5 Bxf5 10.exf5 d4 11.Bg5 dxc3 12.Nxc3 Bb4 13.Qxd8+ Rxd8 14.Bd3 h6 
15.Bd2 Bxc3 16.Bxc3 Nd5 17.Bd2 Ndb4 18.Be4 Rd4 19.Bxc6+ Nxc6 20.O-O-O h5 
21.Rhf1 Ke7 22.Bg5+ f6 23.Be3 Rxd1+ 24.Rxd1 h4 25.b4 Rh5 26.Bc5+ Ke8 27.b5
Na5 28.Bxa7 Rxf5 29.Kb2 Rf4 30.a3 Rg4 31.Kc3 Rc4+ 32.Kb2 Rg4 33.Kc3 Rc4+ 
34.Kb2 Rg4 1/2-1/2

[Event "42nd NED-ch"]
[Site "Hilversum NED"]
[Date "1986.06.15"]
[Round "8"]
[White "Van der Sterren, Paul"]
[Black "Scheeren, Peter"]
[Result "1-0"]
[WhiteElo "2470"]
[BlackElo "2455"]
[EventDate "1986.06.06"]
[PlyCount "53"]

1.d4 Nf6 2.c4 g6 3.Nc3 Bg7 4.e4 d6 5.f3 c5 6.d5 O-O 7.Bg5 e6 8.Qd2 exd5 9.
cxd5 a6 10.a4 Re8 11.Nge2 Nbd7 12.Ng3 Qa5 13.Be2 b5 14.O-O b4 15.Nd1 c4 
16.Kh1 Ne5 17.Nf2 c3 18.bxc3 bxc3 19.Qf4 Nfd7 20.Bh6 Bh8 21.Qh4 Nc5 22.f4 
Nb3 23.fxe5 Nxa1 24.Nh5 Qd8 25.Bg5 f6 26.Nxf6+ Bxf6 27.exf6 1-0

[Event "42nd NED-ch"]
[Site "Hilversum NED"]
[Date "1986.06.16"]
[Round "9"]
[White "Goldstern, Filip"]
[Black "De Boer, Gert Jan"]
[Result "1/2-1/2"]
[WhiteElo "2310"]
[BlackElo "2430"]
[EventDate "1986.06.06"]
[PlyCount "54"]

1.e4 c6 2.d4 d5 3.Nd2 dxe4 4.Nxe4 Bf5 5.Ng3 Bg6 6.h4 h6 7.Nf3 Nd7 8.h5 Bh7
9.Bd3 Bxd3 10.Qxd3 e6 11.Bd2 Ngf6 12.O-O-O Be7 13.Ne4 O-O 14.Nxf6+ Nxf6 
15.Kb1 c5 16.Be3 Rc8 17.dxc5 Qxd3 18.Rxd3 Bxc5 19.Ne5 Bxe3 20.Rxe3 Rfd8 
21.Kc1 Rc5 22.g4 Nd5 23.Re4 f5 24.gxf5 Nf6 25.Re3 exf5 26.Nd3 Rc4 27.Rf3 
Rdd4 1/2-1/2

[Event "42nd NED-ch"]
[Site "Hilversum NED"]
[Date "1986.06.16"]
[Round "9"]
[White "Ligterink, Gert"]
[Black "Kuijf, Marinus"]
[Result "1-0"]
[WhiteElo "2470"]
[BlackElo "2420"]
[EventDate "1986.06.06"]
[PlyCount "59"]

1.d4 d5 2.c4 c6 3.Nf3 Nf6 4.Nc3 e6 5.Bg5 h6 6.Bh4 dxc4 7.e4 g5 8.Bg3 b5 9.
Be2 b4 10.Na4 Nxe4 11.Be5 Rg8 12.Bxc4 g4 13.Nd2 Nxd2 14.Qxd2 Nd7 15.Bf4 
Qa5 16.Nc5 Nxc5 17.dxc5 Bxc5 18.Rd1 Be7 19.O-O h5 20.Rfe1 h4 21.Re5 Qb6 
22.Qd3 a5 23.Qh7 Rf8 24.Bh6 g3 25.Bxf8 Qxf2+ 26.Kh1 h3 27.Qxh3 Bxf8 28.Rf1
Qd4 29.Qh5 Bd6 30.Qh8+ 1-0

[Event "42nd NED-ch"]
[Site "Hilversum NED"]
[Date "1986.06.16"]
[Round "9"]
[White "Peelen, Piet"]
[Black "Van der Sterren, Paul"]
[Result "0-1"]
[WhiteElo "2400"]
[BlackElo "2470"]
[EventDate "1986.06.06"]
[PlyCount "80"]

1.e4 e5 2.Nf3 Nc6 3.Bb5 a6 4.Ba4 Nf6 5.O-O Be7 6.Re1 b5 7.Bb3 d6 8.c3 O-O 
9.h3 Na5 10.Bc2 c5 11.d4 Qc7 12.Nbd2 cxd4 13.cxd4 Bb7 14.Nf1 Rac8 15.Ne3 
Nxe4 16.Nf5 Qxc2 17.Nxe7+ Kh8 18.Nxc8 Qxf2+ 19.Kh2 Qg3+ 20.Kg1 Qf2+ 21.Kh2
Qg3+ 22.Kg1 Nf2 23.Qe2 Nxh3+ 24.Kf1 Rxc8 25.dxe5 Be4 26.Be3 dxe5 27.Rad1 
Nc4 28.Bc1 Bc6 29.b3 e4 30.Ng1 Nxg1 31.Kxg1 Ne5 32.Qe3 Nf3+ 33.Kf1 b4 34.
Re2 Bb5 35.Qxe4 Bxe2+ 36.Qxe2 Nh2+ 37.Kg1 Ng4 38.Qxa6 Qh2+ 39.Kf1 Qh1+ 40.
Ke2 Qxg2+ 0-1

[Event "42nd NED-ch"]
[Site "Hilversum NED"]
[Date "1986.06.16"]
[Round "9"]
[White "Ree, Hans"]
[Black "Douven, Rudy"]
[Result "0-1"]
[WhiteElo "2455"]
[BlackElo "2380"]
[EventDate "1986.06.06"]
[PlyCount "80"]

1.d4 Nf6 2.c4 d6 3.Nf3 Nbd7 4.Nc3 c6 5.Bg5 h6 6.Bh4 g5 7.Bg3 Nh5 8.e3 Bg7 
9.Be2 Nxg3 10.hxg3 a6 11.Qc2 Nf8 12.Nd2 b5 13.g4 Bd7 14.f3 Ne6 15.O-O-O c5
16.Nb3 cxd4 17.Nxd4 Nxd4 18.exd4 Rc8 19.Qb3 Be6 20.d5 Bd7 21.cxb5 axb5 22.
Kb1 b4 23.Ne4 O-O 24.Rc1 Ra8 25.Bc4 Qa5 26.Qe3 b3 27.Bxb3 Rfb8 28.Nc3 Rb7 
29.Qd3 Rb4 30.Rhe1 Bb5 31.Nxb5 Qxa2+ 32.Kc2 Qxb2+ 33.Kd1 Rxb3 34.Qf5 Rxb5 
35.Rxe7 Qd4+ 36.Ke1 Qg1+ 37.Kd2 Rb2+ 38.Rc2 Qd4+ 39.Ke2 Rxc2+ 40.Qxc2 Qxd5
0-1

[Event "42nd NED-ch"]
[Site "Hilversum NED"]
[Date "1986.06.16"]
[Round "9"]
[White "Scheeren, Peter"]
[Black "Gelpke, Peter"]
[Result "1/2-1/2"]
[WhiteElo "2455"]
[BlackElo "2385"]
[EventDate "1986.06.06"]
[PlyCount "120"]

1.d4 Nf6 2.Nf3 g6 3.g3 Bg7 4.Bg2 d6 5.O-O O-O 6.c4 Nbd7 7.Nc3 e5 8.e4 Re8 
9.h3 exd4 10.Nxd4 Nc5 11.Re1 a5 12.Qc2 a4 13.Be3 c6 14.Rad1 Qa5 15.Bf4 Bf8
16.Kh2 Be6 17.Nxe6 Rxe6 18.Bd2 Qb6 19.Rb1 Rae8 20.f3 Qa6 21.b4 axb3 22.
axb3 Qb6 23.b4 Ncd7 24.f4 Qc7 25.Qd3 h5 26.Kh1 Rd8 27.Be3 Ree8 28.Rbc1 Bg7
29.Qc2 Nf8 30.Rcd1 N6d7 31.Rd3 h4 32.gxh4 Nf6 33.Qf2 Qe7 34.Red1 Ra8 35.c5
dxc5 36.e5 Nh5 37.bxc5 f6 38.exf6 Bxf6 39.Ne4 Bxh4 40.Qb2 Ng3+ 41.Nxg3 
Bxg3 42.Rf1 Qf7 43.Rb3 Re7 44.Bd4 Bh4 45.Be5 Ne6 46.Rb4 Nxc5 47.f5 g5 48.
Rxh4 gxh4 49.Qd4 Rxe5 50.Qxe5 Nd7 51.Qd4 Nf6 52.Rg1 Kh8 53.Bf3 Rg8 54.Rb1 
Rg7 55.Qxh4+ Nh7 56.Qd8+ Qf8 57.Rd1 Rg8 58.Qd7 Rg7 59.Qd3 Qf6 60.Bg2 Rf7 
1/2-1/2

[Event "42nd NED-ch"]
[Site "Hilversum NED"]
[Date "1986.06.17"]
[Round "10"]
[White "Boersma, Paulus"]
[Black "Ligterink, Gert"]
[Result "1/2-1/2"]
[WhiteElo "2405"]
[BlackElo "2470"]
[EventDate "1986.06.06"]
[PlyCount "33"]

1.Nf3 c5 2.c4 Nc6 3.d4 cxd4 4.Nxd4 e6 5.Nc3 Nf6 6.g3 Bc5 7.Nb3 Be7 8.Bg2 
b6 9.O-O Bb7 10.Nd5 O-O 11.Nxe7+ Qxe7 12.Bg5 Rfd8 13.Nd2 d5 14.cxd5 exd5 
15.a3 h6 16.Bxf6 Qxf6 17.b4 1/2-1/2

[Event "42nd NED-ch"]
[Site "Hilversum NED"]
[Date "1986.06.17"]
[Round "10"]
[White "De Boer, Gert Jan"]
[Black "Kuijf, Marinus"]
[Result "0-1"]
[WhiteElo "2430"]
[BlackElo "2420"]
[EventDate "1986.06.06"]
[PlyCount "82"]

1.Nf3 Nf6 2.g3 d5 3.Bg2 Bf5 4.O-O e6 5.b3 Be7 6.Bb2 h6 7.c4 O-O 8.d3 c5 9.
cxd5 exd5 10.d4 Nc6 11.dxc5 Bxc5 12.Nc3 Re8 13.Rc1 Bb4 14.e3 Qd7 15.Nb5 
Ne4 16.Nbd4 Nxd4 17.Qxd4 Bf8 18.Ne5 Qd6 19.Nd3 Nf6 20.Nf4 Be4 21.Rfd1 Rad8
22.Qxa7 Ra8 23.Qxb7 Rxa2 24.Bxe4 Nxe4 25.Rxd5 Qb8 26.Qxb8 Rxb8 27.Be5 Rxb3
28.Rd8 Rxf2 29.Bd6 Rbb2 30.Bxf8 Kh7 31.Be7 f6 32.h4 h5 33.Rd7 Rf3 34.Nxh5 
Nxg3 35.Nxg3 Rxg3+ 36.Kh1 Rh3+ 37.Kg1 Rg3+ 38.Kf1 Rf3+ 39.Kg1 Rg3+ 40.Kf1 
Rf3+ 41.Ke1 Rh3 0-1

[Event "42nd NED-ch"]
[Site "Hilversum NED"]
[Date "1986.06.17"]
[Round "10"]
[White "Douven, Rudy"]
[Black "Van der Wiel, John"]
[Result "1/2-1/2"]
[WhiteElo "2380"]
[BlackElo "2555"]
[EventDate "1986.06.06"]
[PlyCount "136"]

1.d4 Nf6 2.Nf3 e6 3.c4 b6 4.g3 Ba6 5.b3 Bb4+ 6.Bd2 Be7 7.Bg2 c6 8.Bc3 d5 
9.Nbd2 Nbd7 10.O-O c5 11.cxd5 Nxd5 12.Bb2 O-O 13.Nc4 Rc8 14.e4 N5f6 15.d5 
b5 16.Nce5 exd5 17.exd5 Nb8 18.Nh4 c4 19.bxc4 bxc4 20.Bc3 Nfd7 21.Ng4 Bxh4
22.gxh4 Qxh4 23.Re1 Rfe8 24.Qd4 f6 25.d6 Rxe1+ 26.Rxe1 Kf8 27.Re7 Rc5 28.
Qe4 Qh5 29.Rxd7 Nxd7 30.Qe7+ Kg8 31.Qxd7 Bb5 32.Qd8+ Qe8 33.Qxe8+ Bxe8 34.
Ne3 Bd7 35.Bd5+ Kf8 36.f4 Ke8 37.Bd4 Ra5 38.Bxc4 Ra4 39.Kf2 a6 40.Bc5 Bb5 
41.Bb3 Rxf4+ 42.Kg3 Re4 43.Nd5 h5 44.Ne7 Kd7 45.Bc2 Rc4 46.Bf5+ Ke8 47.Bb6
h4+ 48.Kf3 Bd7 49.Bg6+ Kf8 50.Be4 Rc3+ 51.Be3 Ra3 52.Bd5 Rd3 53.Ke4 Rd1 
54.Ng6+ Ke8 55.Nxh4 Ba4 56.Bb7 Bc2+ 57.Kf3 Rxd6 58.Ng2 Ba4 59.Bc5 Bc6+ 60.
Bxc6+ Rxc6 61.Bb4 Rc2 62.a3 Rb2 63.h4 Kf7 64.h5 a5 65.Bxa5 Rb3+ 66.Ne3 
Rxa3 67.Bc7 Rb3 68.Bf4 Rb1 1/2-1/2

[Event "42nd NED-ch"]
[Site "Hilversum NED"]
[Date "1986.06.17"]
[Round "10"]
[White "Goldstern, Filip"]
[Black "Scheeren, Peter"]
[Result "0-1"]
[WhiteElo "2310"]
[BlackElo "2455"]
[EventDate "1986.06.06"]
[PlyCount "62"]

1.e4 e5 2.Nc3 Nf6 3.g3 Bc5 4.Bg2 Nc6 5.d3 d6 6.h3 Qe7 7.Bg5 Be6 8.Nd5 Bxd5
9.exd5 Nb8 10.Ne2 Nbd7 11.O-O h6 12.Bd2 O-O 13.Re1 Rae8 14.b4 Bb6 15.a4 a6
16.a5 Ba7 17.c4 Nh7 18.Rc1 h5 19.Nc3 h4 20.g4 f5 21.gxf5 Rxf5 22.Be3 Bxe3 
23.fxe3 Ndf6 24.Rf1 Rg5 25.Qe1 e4 26.d4 Rg3 27.Rf4 Ng5 28.Kh2 Nf3+ 29.Bxf3
exf3 30.Rxh4 Rg2+ 31.Kh1 g5 0-1

[Event "42nd NED-ch"]
[Site "Hilversum NED"]
[Date "1986.06.17"]
[Round "10"]
[White "Van der Sterren, Paul"]
[Black "Ree, Hans"]
[Result "1-0"]
[WhiteElo "2470"]
[BlackElo "2455"]
[EventDate "1986.06.06"]
[PlyCount "107"]

1.d4 Nf6 2.c4 c5 3.d5 g6 4.Nc3 d6 5.e4 Bg7 6.f3 O-O 7.Bg5 h6 8.Be3 e6 9.
Qd2 exd5 10.cxd5 Re8 11.Nge2 Nbd7 12.Nc1 Ne5 13.Be2 Nh7 14.O-O h5 15.Rb1 
f5 16.b4 c4 17.Bd1 Nf6 18.Bc2 fxe4 19.fxe4 Nfg4 20.Bf4 Rf8 21.h3 Qb6+ 22.
Kh1 Ne3 23.Rf2 Nxc2 24.Na4 Qd4 25.Qxc2 Nd3 26.Nxd3 cxd3 27.Qd2 Qxe4 28.Re1
Qxd5 29.Nc3 Qc6 30.Ne4 Bf5 31.b5 Qd5 32.Nxd6 Bxh3 33.Re7 Bf6 34.Re3 Bg4 
35.Rxd3 Qe6 36.Re3 Qd7 37.Qc2 Kh7 38.Rd2 Bg7 39.Bg5 Bf5 40.Qd1 Qc7 41.Re7 
Qc3 42.Be3 Bg4 43.Qe1 Kg8 44.Rxb7 Be5 45.Qb1 Bf5 46.Qb3+ Qxb3 47.axb3 Bc8 
48.Re7 Rf1+ 49.Bg1 Bf4 50.Re8+ Kg7 51.Rd3 Rc1 52.Rc3 Rxc3 53.Bd4+ Kh6 54.
Nf7+ 1-0

[Event "42nd NED-ch"]
[Site "Hilversum NED"]
[Date "1986.06.19"]
[Round "11"]
[White "Kuijf, Marinus"]
[Black "Boersma, Paulus"]
[Result "1/2-1/2"]
[WhiteElo "2420"]
[BlackElo "2405"]
[EventDate "1986.06.06"]
[PlyCount "21"]

1.e4 c5 2.Nf3 e6 3.d4 cxd4 4.Nxd4 Nc6 5.Nc3 Qc7 6.g3 a6 7.Bg2 Nf6 8.O-O 
Nxd4 9.Qxd4 Bc5 10.Bf4 d6 11.Qd2 1/2-1/2

[Event "42nd NED-ch"]
[Site "Hilversum NED"]
[Date "1986.06.19"]
[Round "11"]
[White "Ligterink, Gert"]
[Black "Douven, Rudy"]
[Result "1-0"]
[WhiteElo "2470"]
[BlackElo "2380"]
[EventDate "1986.06.06"]
[PlyCount "51"]

1.d4 Nf6 2.c4 d6 3.Nc3 Nbd7 4.Nf3 c6 5.e4 e5 6.Be2 Be7 7.O-O O-O 8.Qc2 Qc7
9.Bg5 Re8 10.Rfd1 a6 11.Rac1 b6 12.h3 Bb7 13.a3 Bf8 14.dxe5 dxe5 15.b4 Be7
16.Be3 Rab8 17.Qb3 h6 18.c5 bxc5 19.Bc4 Rf8 20.Nh4 cxb4 21.Ng6 bxc3 22.
Nxe7+ Kh7 23.Bxf7 c5 24.Bg6+ Kh8 25.Qe6 Nb6 26.Bf5 1-0

[Event "42nd NED-ch"]
[Site "Hilversum NED"]
[Date "1986.06.19"]
[Round "11"]
[White "Peelen, Piet"]
[Black "Goldstern, Filip"]
[Result "1/2-1/2"]
[WhiteElo "2400"]
[BlackElo "2310"]
[EventDate "1986.06.06"]
[PlyCount "125"]

1.e4 c5 2.Nf3 e6 3.Nc3 a6 4.g3 b5 5.Bg2 Bb7 6.d3 d6 7.O-O Nd7 8.Be3 Ngf6 
9.Nh4 Qc7 10.Qe2 Be7 11.f4 O-O-O 12.f5 e5 13.a4 b4 14.Nb1 d5 15.Nd2 d4 16.
Bg5 a5 17.b3 h6 18.Bxf6 Bxf6 19.Nhf3 Bg5 20.Nxg5 hxg5 21.Nf3 g4 22.Nd2 Nf6
23.Rf2 Rh5 24.Bf1 Rdh8 25.Qd1 Ba6 26.Be2 Rg5 27.Qc1 Rh3 28.Nc4 Bb7 29.Qe1 
Kd7 30.Nb2 Kd6 31.Rd1 Ba6 32.Rd2 Qd8 33.Nd1 Qh8 34.Bf1 Rh6 35.Rg2 Rgh5 36.
Rdf2 Kc7 37.Be2 Rh3 38.Qd2 Kd6 39.Qg5 R3h5 40.Qd2 Rh3 41.Nb2 R6h5 42.Qd1 
Rg5 43.Qc1 Rgh5 44.Qd2 Kc7 45.Bf1 Kb6 46.Qe1 Rg5 47.Rd2 Kc7 48.Nd1 Rh6 49.
Rdf2 Kb6 50.Be2 Rh3 51.Bf1 Rgh5 52.Re2 Rh6 53.Rd2 R3h5 54.Qf2 Bb7 55.Nb2 
Ba6 56.Kh1 Qa8 57.Re2 Qh8 58.Rd2 Qa8 59.Qe1 Qh8 60.Kg1 Kc7 61.Qd1 Rh3 62.
Qe2 Kb6 63.Nd1 1/2-1/2

[Event "42nd NED-ch"]
[Site "Hilversum NED"]
[Date "1986.06.19"]
[Round "11"]
[White "Ree, Hans"]
[Black "Gelpke, Peter"]
[Result "1-0"]
[WhiteElo "2455"]
[BlackElo "2385"]
[EventDate "1986.06.06"]
[PlyCount "91"]

1.c4 Nf6 2.Nc3 g6 3.g3 Bg7 4.Bg2 d6 5.e4 O-O 6.Nge2 e5 7.O-O c6 8.d3 Nh5 
9.Be3 Be6 10.h3 Nd7 11.Qd2 f5 12.exf5 gxf5 13.f4 Qe8 14.Kh2 Kh8 15.b3 Qg6 
16.d4 e4 17.d5 cxd5 18.cxd5 Bg8 19.Rg1 Nhf6 20.Rac1 Nb6 21.Bd4 Nbxd5 22.
Nb5 Qh6 23.Rgd1 Rfd8 24.Nec3 Nxc3 25.Bxc3 d5 26.Bf1 Qg6 27.Be5 a6 28.Nd4 
Rac8 29.Qb4 Nh5 30.Bxg7+ Qxg7 31.Nxf5 Qf6 32.Qd4 Rc6 33.Rxc6 bxc6 34.Rc1 
Rc8 35.Bxa6 Rc7 36.b4 Be6 37.Qxf6+ Nxf6 38.Nd4 Bd7 39.Nb5 Ne8 40.Nxc7 Nxc7
41.Bf1 d4 42.Rd1 d3 43.Bxd3 exd3 44.Rxd3 Be6 45.Rd6 Bxa2 46.Rxc6 1-0

[Event "42nd NED-ch"]
[Site "Hilversum NED"]
[Date "1986.06.19"]
[Round "11"]
[White "Scheeren, Peter"]
[Black "De Boer, Gert Jan"]
[Result "1/2-1/2"]
[WhiteElo "2455"]
[BlackElo "2430"]
[EventDate "1986.06.06"]
[PlyCount "122"]

1.d4 Nf6 2.c4 g6 3.g3 Bg7 4.Bg2 d5 5.cxd5 Nxd5 6.Nf3 O-O 7.O-O Nc6 8.Nc3 
Nb6 9.e3 e5 10.d5 Ne7 11.e4 Bg4 12.a4 c6 13.a5 Nc4 14.Qa4 b5 15.axb6 Nxb6 
16.Qb4 cxd5 17.exd5 Qd7 18.Ng5 Rac8 19.Be3 Rc4 20.Qa5 Nf5 21.Bxb6 axb6 22.
Qxb6 Nd4 23.f3 Bf5 24.Ra7 Qc8 25.Nge4 Nc2 26.Nd6 Qc5+ 27.Qxc5 Rxc5 28.Nxf5
gxf5 29.Rb7 Ne3 30.Re1 Nxd5 31.Nxd5 Rxd5 32.Bh3 e4 33.fxe4 fxe4 34.Rxe4 
Rd2 35.Ree7 Bxb2 36.Bf1 Bd4+ 37.Kh1 Rf2 38.Bc4 Ra8 39.Bxf7+ Kf8 40.Re8+ 
Rxe8 41.Bxe8 Kxe8 42.Rxh7 Kf8 43.Rd7 Be5 44.Kg1 Rb2 45.Kh1 Bf6 46.Rc7 Be7 
47.Rc4 Kf7 48.Rf4+ Bf6 49.Re4 Kg6 50.Kg1 Rd2 51.Rg4+ Kf5 52.Rf4+ Ke6 53.
Re4+ Be5 54.Kh1 Kf5 55.Rh4 Ke6 56.Re4 Kd5 57.Rg4 Bd4 58.Rf4 Kc4 59.Rf8 Kd3
60.Rf7 Ra2 61.Rf5 Be3 1/2-1/2

[Event "42nd NED-ch"]
[Site "Hilversum NED"]
[Date "1986.06.19"]
[Round "11"]
[White "Van der Wiel, John"]
[Black "Van der Sterren, Paul"]
[Result "1-0"]
[WhiteElo "2555"]
[BlackElo "2470"]
[EventDate "1986.06.06"]
[PlyCount "85"]

1.e4 e5 2.Nf3 Nc6 3.Bc4 Bc5 4.d3 Nf6 5.Bg5 d6 6.c3 h6 7.Bh4 g5 8.Bg3 Bg4 
9.Nbd2 a6 10.Qe2 Qd7 11.h4 Nh5 12.hxg5 hxg5 13.b4 Ba7 14.b5 axb5 15.Bxb5 
Ke7 16.Qf1 Bb6 17.Nxg5 Nb4 18.cxb4 Qxb5 19.Rh4 Bd7 20.Qe2 Nf4 21.Qf3 f6 
22.Nh7 Qxd3 23.Bxf4 Qxf3 24.Nxf3 exf4 25.Rh6 Be6 26.Nh4 Bf7 27.Nf5+ Kd8 
28.Ng5 fxg5 29.Rxh8+ Be8 30.Ng7 Kd7 31.Nxe8 Rxe8 32.Rxe8 Kxe8 33.Ke2 Kf7 
34.a4 Ke6 35.f3 Ke5 36.Kd3 Bf2 37.b5 d5 38.exd5 Kxd5 39.a5 Be3 40.g4 Bf2 
41.a6 bxa6 42.bxa6 Ba7 43.Rb1 1-0